15 państw najbliżej Słowenii - Statystyki

Ogólne statystyki
  • Ten quiz został rozwiązany 16 razy
  • Średni wynik to 14 z 15
Statystyki odpowiedzi
Km Państwo % Poprawnych
0 Austria
100%
45 Bośnia i Hercegowina
100%
0 Chorwacja
100%
207 Czechy
100%
0 Węgry
100%
0 Włochy
100%
117 Niemcy
92%
357 Polska
92%
284 Rumunia
92%
205 Serbia
92%
96 Słowacja
92%
226 Szwajcaria
92%
370 Czarnogóra
85%
185 San Marino
85%
300 Liechtenstein
69%
Nie znaleziono quizów pasujących do podanych kryteriów
Rozkład punktacji
Procent ludzi z każdym wynikiem
Percentyl według liczby udzielonych odpowiedzi
Twoja historia wyników
Nie rozwiązałeś tego quizu